Top 10 Bevölkerungsreichste Länder in Afrika - Statistiken

Allgemein
  • Dieses Quiz wurde 256 mal gespielt
  • Das Durchschnittsergebnis liegt bei 8 aus 10
Antwortstatistiken
Einwohnerzahl Land % Korrekt
233 mil Nigeria
97%
117 mil Ägypten
96%
64.1 mil Südafrika
94%
110 mil D.R. Kongo
91%
46.8 mil Algerien
85%
132 mil Äthiopien
84%
50.5 mil Sudan
78%
56.5 mil Kenia
75%
68.7 mil Tansania
74%
50.1 mil Uganda
48%
Keine übereinstimmenden Quizze gefunden
Verteilung der Resultate
Anzahl Personen mit jedem Resultat
Perzentil nach korrekt beantworteten Fragen
Ihre Resultats-Entwicklung
Sie haben dieses Quiz noch nicht gespielt